Responses for Show #5292 - Tuesday, September 18, 2007

Contestants

[<< previous game]

Shweta Kumar, a student from Lorton, Virginia

JT Nuckolls, a customer service representative from Red Oak, Iowa

Joanne Platt, a waitress from Minneapolis, Minnesota (whose 1-day cash winnings total $4,000)

[next game >>]

Jeopardy! Round responses

COP ROCK
HELLO, LARRY
THE RICH LIST
"M"ANIMAL
AFTER MASH
(Alex: You'll have to select the one that would come alphabetically after "mash" in the dictionary.)
TV SHOWS THAT BOMBED
    $200 16
parts per million

JT
    $200 6
Elizabeth Taylor

Joanne
    $200 21
Trump

Shweta
    $200 11
a mongoose

Shweta
    $200 1
whey

Joanne
    $200 22
24

Triple Stumper
    $400 17
electrolysis

Shweta
    $400 7
Larry McMurtry

Joanne
    $600 27
(JT: Who are Forbes?)

the Walton family

JT
    $400 12
a monkey

Joanne
    $400 2
(Shweta: What is drop?)

paste

Shweta
Triple Stumper
    $400 23
his eyeglasses

Joanne
    $600 18
acidic

JT
    $600 8
Larry King

JT
    $600 28
Wrigley

JT
    $600 13
a macaw

JT
    $600 3
Wagnalls

Joanne
    $600 24
(Shweta: What is Topeka?)
(JT: What is Wichita?)

Denver

JTShweta
Triple Stumper
    $800 19
a penny

JT
    $800 9
Larry Flynt

Joanne
    $800 29
David Geffen

Triple Stumper
    $800 14
a moose

JT
    $800 4
(JT: Who is Hammerstein?)

Rodgers

JoanneJT
    $800 25
Heroes

Shweta
    $1000 20
strip mining

JT
    $1000 10
San Francisco

Joanne
    $1000 30
Google

JT
    $1000 15
a muskrat

JT
    $1000 5
verse

Triple Stumper
    $1000 26
Barney Miller

JT

Scores at the first commercial break (after clue 15):

Joanne JT Shweta
$4,400 $2,200 -$200

Scores at the end of the Jeopardy! Round:

Joanne JT Shweta
$4,800 $6,200 $600

Double Jeopardy! Round responses

WORLD CAPITALS
NBA NICKNAMES
DRUMMING
THE BROWNINGS
PACT OR FACTION
AIN'T WE GOT PUN
    $400 1
Bucharest

Joanne
    $400 24
Michael Jordan

Joanne
    $400 21
(JT: What's a high hat?)

crash cymbal

JT
Triple Stumper
    $400 11
Florence

Joanne
    $400 6
NAFTA

Shweta
    $400 16
Lettuce

Joanne
    $800 2
(Alex: [*]. Good. You caught us. Way to go.)

New Delhi

Shweta
    $800 28
[The end-of-round signal sounds.]

Pete Maravich

JT
    $800 22
brushes

JT
    $800 12
child labor

Shweta
    $800 7
Nuremberg

Joanne
    $800 17
Mail

Joanne
    $1200 3
Jakarta

Triple Stumper
    $1200 27
Charles Barkley

Joanne
    $1200 23
kick drum

Triple Stumper
    $1200 13
(Shweta: Who are tailors?)
(JT: Who are clergy?)

artists

JoanneJTShweta
    $1200 8
Neville Chamberlain

JT
    $1200 18
two weevils

JT
    $500 4
(Shweta: Um. Stockholm? What is Stockholm?)
(Alex: No. He was Danish. So, the correct response: "What is [*]?")

Copenhagen

Shweta
    $1600 25
Larry Bird

Joanne
    $1600 14
Love

Triple Stumper
    $1600 9
(JT: Who is Red Dawn?)
...
(Alex: It was the infamous "Group of Four".)
...
(Alex: I said "Group of Four" a moment ago. I meant to say [*]. I don't like calling them gangs.)

Gang of Four

JT
Triple Stumper
    $1600 19
Maternity

Shweta
    $2000 5
Kuala Lumpur

Shweta
    $2000 26
(JT: Who is Karl Malone?)

Carmelo Anthony

JTShweta
    $2,000 15
(Alex: You have the lead.)
(Joanne: Yeah.)
(Alex: Yeah.)
(Joanne: Yeah.)
(Alex: Feels good. Whatcha gonna do with the lead?)
(Joanne: Maybe it feels good, maybe it doesn't.)
(Alex: Oh, all right.)
...
(Joanne: What is Barrett Street?)
(Alex: Oh, no. She was a Barrett, but it was the Barretts of [*]. Remember that?)
(Joanne: Of course.)

Wimpole Street

Joanne
    $2000 10
Mensheviks

Shweta
    $2000 20
Transylvania

JT

Scores at the end of the Double Jeopardy! Round:

Joanne JT Shweta
$10,000 $7,000 $8,500

[wagering suggestions for these scores]

Final Jeopardy! Round responses

MUSICAL HISTORY
(Alex: This is a toughie, it's a 3-part process. You have to come up with a George Bernard Shaw work, which was Pygmalion, and then the musical that was based on that, and where did they come up with the title?)
...
(Alex: The musical, of course, is My Fair Lady; "[*] is falling down, my fair lady...")
(Joanne: I couldn't make that leap.)
(Alex: Yeah, it was a tough one.)
JTWhat is Thumbellina?
$6,900
ShwetaWhat is Mary Mary?
$8,008
JoanneWhat is Simple Simon
$7,001
London Bridge

Final scores:

Joanne JT Shweta
$2,999 $100 $492
2-day champion: $6,999 3rd place: $1,000 2nd place: $2,000

Game dynamics:

Coryat scores:

Joanne JT Shweta
$12,000 $7,600 $9,000
18 R,
1 W
(including 1 DD)
16 R,
7 W
(including 1 DD)
11 R,
4 W
(including 1 DD)

Combined Coryat: $28,600

[game clues] [game scores] [suggest correction]

Game tape date: 2007-07-18
The J! Archive is created by fans, for fans. Scraping, republication, monetization, and malicious use prohibited; this site may use cookies and collect identifying information. See terms. The Jeopardy! game show and all elements thereof, including but not limited to copyright and trademark thereto, are the property of Jeopardy Productions, Inc. and are protected under law. This website is not affiliated with, sponsored by, or operated by Jeopardy Productions, Inc. Join the discussion at JBoard.tv.